Constructive education for adolescents / (Record no. 3976)

MARC details
000 -LEADER
fixed length control field 00806nam a2200277 i 4500
001 - CONTROL NUMBER
control field 852934
003 - CONTROL NUMBER IDENTIFIER
control field OSt
005 - DATE AND TIME OF LATEST TRANSACTION
control field 20230717101026.0
008 - FIXED-LENGTH DATA ELEMENTS--GENERAL INFORMATION
fixed length control field 780623s1977 fr b i001 0 eng
010 ## - LIBRARY OF CONGRESS CONTROL NUMBER
LC control number 78307625
015 ## - NATIONAL BIBLIOGRAPHY NUMBER
National bibliography number F***
020 ## - INTERNATIONAL STANDARD BOOK NUMBER
International Standard Book Number 0245529667
-- 0245529667
040 ## - CATALOGING SOURCE
Original cataloging agency DLC
Transcribing agency DLC
Modifying agency DLC
082 00 - DEWEY DECIMAL CLASSIFICATION NUMBER
Classification number 370.1
Item number WAL
100 1# - MAIN ENTRY--PERSONAL NAME
Personal name Wall, William Douglas.
245 10 - TITLE STATEMENT
Title Constructive education for adolescents /
Statement of responsibility, etc. by W. D. Wall.
260 ## - PUBLICATION, DISTRIBUTION, ETC. (IMPRINT)
Place of publication, distribution, etc. Paris :
Name of publisher, distributor, etc. Unesco,
Date of publication, distribution, etc. c1977.
300 ## - PHYSICAL DESCRIPTION
Extent xi, 333 p. ;
Dimensions 24 cm.
440 #0 - SERIES STATEMENT/ADDED ENTRY--TITLE
Title Studies and surveys in comparative education
504 ## - BIBLIOGRAPHY, ETC. NOTE
Bibliography, etc Includes bibliographies and index.
650 #0 - SUBJECT ADDED ENTRY--TOPICAL TERM
Topical term or geographic name as entry element Adolescence.
650 #0 - SUBJECT ADDED ENTRY--TOPICAL TERM
Topical term or geographic name as entry element Educational psychology.
650 #0 - SUBJECT ADDED ENTRY--TOPICAL TERM
Topical term or geographic name as entry element Education, Secondary.
906 ## - LOCAL DATA ELEMENT F, LDF (RLIN)
a 7
b cbc
c orignew
d 4
e ncip
f 19
g y-gencatlg
942 ## - ADDED ENTRY ELEMENTS (KOHA)
Source of classification or shelving scheme Dewey Decimal Classification
Koha item type Books
Holdings
Withdrawn status Lost status Source of classification or shelving scheme Damaged status Not for loan Home library Current library Date acquired Total Checkouts Full call number Barcode Date last seen Price effective from Koha item type
    Dewey Decimal Classification     County Hall Archives County Hall Archives 07/17/2023   370.1 WAL 10000919 07/17/2023 07/17/2023 Books
LIBRARY OPENING HOURS

When the Parliament is sitting: 8.00a.m - 7.00p.m or until the house adjourns
Mondays and Fridays and when the House is on Recess:  8.00a.m - 5.00p.m
Closed on Weekends and Public Holidays

Online Public Access Catalog (OPAC)
Website: http://www.parliament.go.ke
Bunge Library: https://libraryir.parliament.go.ke
Contact: library@parliament.go.ke | Tel no: (254-2)2221291 or 2848000 Ext 5043